| Tag |
First Indicator |
Second Indicator |
Subfields |
| LEADER |
00000cam a2200000 4500 |
| 001 |
in00000360608 |
| 005 |
20151011062156.0 |
| 008 |
720626s1964 dcu b 00000 eng d |
| 035 |
|
|
|a (OCoLC)00341678
|
| 035 |
|
|
|9 ABM9822AM
|
| 040 |
|
|
|c MIA
|d TXA
|d UtOrBLW
|
| 049 |
|
|
|a TXAM
|c [1110103]
|
| 090 |
|
|
|a BL41
|b .M6 1964a
|
| 100 |
1 |
|
|a Morgan, Kenneth William.
|
| 245 |
1 |
0 |
|a Asian religions ;
|b an introduction to the study of Hinduism, Buddhism, Islam, Confucianism, and Taoism.
|
| 264 |
|
1 |
|a Washington :
|b Service Center for Teachers of History,
|c [1964]
|
| 300 |
|
|
|a 30p. ;
|c 23cm.
|
| 336 |
|
|
|a text
|b txt
|2 rdacontent
|
| 337 |
|
|
|a unmediated
|b n
|2 rdamedia
|
| 338 |
|
|
|a volume
|b nc
|2 rdacarrier
|
| 490 |
1 |
|
|a Service Center for Teachers of History publication ;
|v no.55
|
| 504 |
|
|
|a Bibliography: pages 26-30.
|
| 650 |
|
0 |
|a Religion
|x Historiography.
|
| 650 |
|
0 |
|a Religions
|x Study and teaching.
|
| 830 |
|
0 |
|a Publication (Service Center for Teachers of History) ;
|v no. 55.
|
| 999 |
|
|
|a MARS
|
| 999 |
f |
f |
|s 76b0dae3-5d85-394f-9da4-d93a071fbfda
|i cb7d3bb2-f87c-3a82-852d-bf1439c097f5
|t 0
|
| 952 |
f |
f |
|p normal
|a Texas A&M University
|b College Station
|c Sterling C. Evans Library
|d Evans: Library Stacks
|t 0
|e BL41 .M6 1964a
|h Library of Congress classification
|i unmediated -- volume
|m A14801727597
|
| 998 |
f |
f |
|a BL41 .M6 1964a
|t 0
|l Evans: Library Stacks
|